[Event "Haninge"]
[Site "Haninge"]
[Date "1989.??.??"]
[Round "?"]
[White "Hellers, Ferdinand"]
[Black "Andersson, Ulf"]
[Result "0-1"]
[WhiteElo "2565"]
[BlackElo "2620"]
[Annotator "ChessBase"]
[PlyCount "64"]
[EventDate "1989.??.??"]
[EventType "tourn"]
[EventRounds "11"]
[EventCountry "SWE"]
[EventCategory "13"]
[SourceTitle "CBM 013"]
[Source "ChessBase"]
[SourceDate "1989.12.01"]
[SourceVersion "1"]
[SourceVersionDate "1989.12.01"]
[SourceQuality "1"]

1. e4 e6 2. d4 d5 3. Nc3 Nf6 4. Bg5 dxe4 5. Nxe4 Be7 6. Bxf6 gxf6 7. Nf3 {
Last year Andersson favoured 7....f5, but a recent game makes it dubious.} b6 {
This old move has recently become a winning weapon in Anderssons hands.} (7...
f5 8. Nc3 Bf6 9. Qd2 c5 10. d5 $1 exd5 11. Qe3+ $1 Be6 12. Qxc5 Nd7 13. Bb5 Rc8
14. Qe3 a6 15. Bxd7+ Qxd7 16. Nd4 {[] Arnason-Skembris, Tessaloniki(ol) 1988.})
8. g3 $5 {Hellers novelty!} Bb7 9. Qe2 Qd5 10. Ned2 Nc6 11. c3 O-O-O 12. Bg2
Qh5 13. O-O e5 {Structurally Black would prefer 13....f5, but he plays for the
initiative.} 14. Rad1 exd4 {Rule no 1 in Anderssons School of Chess: Exchange
Qs!} 15. Nxd4 Qxe2 16. Nxe2 {Given some time White would be better due to
Blacks weak Q-side.} h5 17. h4 Ne5 18. Nd4 (18. Bxb7+ Kxb7 19. Nf4 $4 Rxd2 $1
$19) 18... Bc5 19. Nf5 $2 (19. Bxb7+ Kxb7 20. N2b3 $14) 19... Ba6 $1 20. c4 (
20. Ne4 $5 Bxf1 21. Rxf1 {Andersson meant that White has full compensation
here: 'I was ready to take a draw!'. But Blacks R:s seem quite potent after 21.
...Ng4.}) (20. Rfe1 $2 Nd3 $19) 20... Bb4 21. Ne4 Bxc4 22. Rxd8+ Rxd8 23. Ra1
Be6 24. Ng7 f5 25. Ng5 Rd2 $1 $19 26. N5xe6 fxe6 27. Re1 Bd6 28. Nxe6 Nd3 29.
Re3 Nxf2 30. Nf8 {A little daydream!} Ne4 $1 (30... Bxf8 $2 31. Re8+ Rd8 32.
Rxd8+ Kxd8 33. Kxf2 $10) 31. Bxe4 Bc5 32. Bxf5+ Kb7 0-1

[Event "Moscow-4teams"]
[Site "Moscow"]
[Date "1981.02.28"]
[Round "6.2"]
[White "Tseshkovsky, Vitaly"]
[Black "Bronstein, David Ionovich"]
[Result "1/2-1/2"]
[WhiteElo "2530"]
[BlackElo "2490"]
[Annotator "Dolmatov,S"]
[PlyCount "80"]
[EventDate "1981.02.22"]
[EventType "team"]
[EventRounds "6"]
[EventCountry "URS"]
[SourceTitle "MCL"]
[Source "ChessBase"]
[SourceDate "1999.07.01"]
[SourceVersion "1"]
[SourceVersionDate "1999.07.01"]
[SourceQuality "1"]
[WhiteTeam "Soviet Union II"]
[BlackTeam "Soviet Union Seniors"]
[WhiteTeamCountry "URS"]
[BlackTeamCountry "URS"]

1. e4 e6 2. d4 d5 3. Nc3 Nf6 4. Bg5 dxe4 5. Nxe4 Be7 6. Bxf6 gxf6 7. Nf3 Nd7 8.
Bc4 (8. Qd2 c5 9. d5 f5 10. dxe6 fxe4 11. exd7+ $10 {Kaplan,L-Bronstein,D/
Hastings/1976/ Inf 21/183/}) 8... c5 9. d5 Nb6 10. Bb5+ Bd7 11. Qe2 (11. Bxd7+
Qxd7 12. d6 $2 (12. dxe6 Qxe6 13. Qe2 O-O-O $13) 12... Qc6 13. Qe2 f5 $17)
11... Bxb5 (11... Nxd5 $5 12. O-O-O Bxb5 13. Qxb5+ Kf8 14. Qxb7 (14. c4 $2 Qb6)
14... Rb8 $132) (11... exd5 $2 12. Nxf6+ $16) 12. Qxb5+ Qd7 13. Qxd7+ Kxd7 14.
dxe6+ fxe6 15. O-O-O+ Kc7 16. Rhe1 $2 (16. Nc3 Rad8 (16... Rae8 17. Rhe1 $16)
17. Rde1 e5 18. Nh4 $14) 16... Rad8 17. Ned2 $10 Rd6 18. Re4 f5 $5 (18... Rhd8
19. Rde1 Kd7 20. Rh4 $14) 19. Re2 Rg8 20. g3 Bf6 21. Rde1 Re8 22. c3 e5 23. Kc2
(23. Nxe5 $2 Rxe5 24. Rxe5 Bxe5 25. Rxe5 Rxd2 26. Rxc5+ Kd6 27. Rxf5 Re2 $17)
23... e4 24. Ng1 Red8 25. Nh3 Bg7 {/\ Rh6} 26. Ng5 (26. f3 e3 27. Nf1 Nc4 $40)
(26. Nf4 $5 Bh6 27. f3 Bxf4 28. gxf4 Nd5 (28... e3 29. Nf1 Nd5 30. Nxe3 Nxf4
31. Nxf5 $10) 29. Nc4 $1 $10) 26... Bh6 (26... R8d7 $5 27. f3 h6 28. Nh3 e3 $13
) 27. h4 Bxg5 28. hxg5 Rg8 29. f4 h6 30. g4 hxg5 31. gxf5 e3 32. Rxe3 (32. Ne4
$2 gxf4 33. Nxd6 Kxd6 $17) 32... Nd5 33. Rg3 g4 (33... Nxf4 34. Ne4 $16) 34.
Re5 Nxf4 35. Rxc5+ Rc6 36. Re5 (36. Rxc6+ Kxc6 37. Ne4 Nh5 38. Rg1 Kd5 $10)
36... Nh5 37. Rg1 g3 38. Re7+ Kc8 39. Ne4 g2 40. Kd2 Nf4 (40... Nf4 41. f6 Nh3
42. f7 Rd8+ 43. Kc2 Nxg1 44. Re8 Nf3 $1 45. Rxd8+ Kxd8 46. f8=Q+ Kc7 47. Qe7+
Kb6 $10) 1/2-1/2

[Event "Novgorod op"]
[Site "Novgorod"]
[Date "1995.??.??"]
[Round "7"]
[White "Tseshkovsky, Vitaly"]
[Black "Danielian, Oganes"]
[Result "1-0"]
[WhiteElo "2530"]
[BlackElo "2455"]
[Annotator "Dolmatov,S"]
[PlyCount "41"]
[EventDate "1995.05.??"]
[EventType "swiss"]
[EventRounds "9"]
[EventCountry "RUS"]
[SourceTitle "EXT 2000"]
[Source "ChessBase"]
[SourceDate "1999.11.16"]
[SourceVersion "1"]
[SourceVersionDate "1999.11.16"]
[SourceQuality "1"]

1. e4 e6 2. d4 d5 3. Nc3 Nf6 4. Bg5 dxe4 5. Nxe4 Be7 (5... Nbd7 $5 6. Nf3 h6 7.
Nxf6+ Nxf6) 6. Bxf6 gxf6 $6 7. Nf3 f5 8. Nc3 Bf6 9. Qd2 c5 (9... O-O $5 10.
O-O-O c5 11. d5 e5 12. h4 Bg7 $14) 10. O-O-O (10. Bb5+ Bd7 11. dxc5 a6 $10)
10... cxd4 11. Bb5+ Bd7 $6 (11... Ke7 $5 12. Qf4 (12. Nxd4 Qxd4 13. Qxd4 Bxd4
14. Rxd4 a6 15. Be2 Bd7 16. Rhd1 Bc6 $10) 12... a6 (12... dxc3 $4 13. Qb4+) 13.
Nxd4 axb5 14. Nxf5+ exf5 15. Rxd8 Rxd8 16. Qb4+ Ke8 17. Nxb5 $13) (11... Nc6
12. Nxd4 Bxd4 13. Bxc6+ bxc6 14. Qxd4 Qxd4 15. Rxd4 c5 16. Rd2 Bb7 17. f3 Ke7
18. Rhd1 $14) 12. Bxd7+ Qxd7 (12... Nxd7 $5 13. Nxd4 Nb6 $14) 13. Qh6 Qd8 (
13... Ke7 $6 14. g4 $5 fxg4 15. Ne4 $18) 14. Rhe1 Nd7 (14... Nc6 15. g4 $5 fxg4
16. Ne4 gxf3 17. Nxf6+ Ke7 18. Qh4 $40) 15. Nd5 (15. Nxd4 $4 Bg5+ $19) 15...
Rc8 16. Rxd4 Bxd4 17. Nxd4 Qa5 $2 (17... Rc6 18. Nxc6 (18. Nxf5 $6 Qa5 19. Ng7+
Kd8 20. Qg5+ f6) 18... bxc6 19. Qg7 Rf8 20. Ne3 $16) 18. Rxe6+ $18 Kd8 (18...
fxe6 19. Qxe6+ Kf8 20. Qxf5+ Ke8 21. Nf6+ $16) 19. Qg5+ f6 20. Qxf5 Rc5 21. Re7
(21. Re7 Rxd5 22. Rxd7+ Rxd7 23. Qxa5+ $18) 1-0

[Event "USA-ch G2"]
[Site "Chandler"]
[Date "1997.08.24"]
[Round "2"]
[White "Shabalov, Alexander"]
[Black "Schwartzman, Gabriel"]
[Result "1-0"]
[WhiteElo "2585"]
[BlackElo "2515"]
[Annotator "Epishin,V"]
[PlyCount "77"]
[EventDate "1997.08.23"]
[EventType "tourn"]
[EventRounds "7"]
[EventCountry "USA"]
[EventCategory "13"]
[SourceTitle "CBM 061"]
[Source "ChessBase"]
[SourceDate "1997.11.23"]
[SourceVersion "1"]
[SourceVersionDate "1997.11.23"]
[SourceQuality "1"]

1. e4 e6 2. d4 d5 3. Nc3 Nf6 4. Bg5 dxe4 5. Nxe4 Nbd7 6. Nf3 Be7 7. Nxf6+ Bxf6
8. h4 h6 9. Bxf6 (9. Be3 Qe7 10. c3 e5 11. d5 Nb6 12. Qb3 O-O 13. Nd2 Rd8 14.
c4 e4 15. Qc2 c6 16. dxc6 bxc6 17. Be2 Bf5 18. g4 Bg6 19. g5 hxg5 20. hxg5 Bxg5
21. O-O-O Bxe3 22. fxe3 Qg5 23. Qc3 Na4 24. Qa3 Nxb2 25. Kxb2 Rab8+ 26. Kc1 Qf6
27. Rhf1 Qe5 28. Nb1 Rd3 29. Bxd3 exd3 30. Nc3 Qxe3+ 31. Rd2 Qd4 32. Qa5 c5 33.
Re1 Bf5 34. Rf1 Rb4 35. Qa3 Be4 36. Rb2 d2+ 37. Kd1 Qd3 38. Rf2 Bf3+ 39. Rxf3
Qxf3+ 40. Kxd2 Qf4+ 41. Kd1 Qf1+ 42. Kd2 Qxc4 43. Ne2 Qd5+ 44. Ke1 Qh1+ 45. Kd2
Qd5+ 46. Ke1 {1/2-1/2 Hjartarson,J-Speelman,J/Politiken Cup 1996/CBM 54/[Knaak]
}) 9... Qxf6 10. Bc4 (10. Qd2 O-O 11. O-O-O e5 (11... b6 12. Bb5 Qe7 13. Rh3
Bb7 14. Rg3 Kh8 15. Bxd7 Bxf3 16. gxf3 Qxd7 17. Rdg1 f6 18. Rxg7 Qxg7 19. Rxg7
Kxg7 20. Qf4 Rac8 21. h5 c5 22. Qg4+ Kf7 23. Qg6+ Ke7 24. dxc5 Rxc5 25. Qxh6
Rg5 26. b3 {Fischer,R-Bilek,I/Habana 1965/Fischer/1-0 (40)} (26. b3 e5 27. Kb2
Rf7 28. a4 Ke6 29. Qh8 Re7 30. h6 Kf7 31. Qh7+ Kf8 32. Qd3 Kf7 33. h7 Rh5 34.
Qd5+ Re6 35. f4 f5 36. fxe5 Rxh7 37. Qd7+ Re7 38. Qxf5+ Ke8 39. f4 Kd8 40. e6 {
1-0 Fischer,R-Bilek,I/Havana 1965/MCD-r6})) 12. Qe3 exd4 13. Rxd4 Nc5 (13...
Nb6 14. Qe5 Qxe5 {1/2-1/2 Morovic Fernandez,I-Miles,A/Capablanca Elite 1997/
CBM 59}) 14. Bc4 Be6 15. g4 Bxc4 16. Rxc4 Rfe8 17. Qxc5 Qxf3 18. Rg1 Rad8 19.
Qf5 Qg2 {0-1 Gligoric,S-Porath,Y/Amsterdam izt 1964/IZT}) 10... O-O $6 (10...
c5) (10... b6) 11. Qe2 c5 12. O-O-O cxd4 $6 (12... a6 13. Qe4 Rb8 14. Bd3 Rd8
15. g4 cxd4 16. g5 Qf5 17. Qxf5 exf5 18. Bxf5 $16) 13. Rxd4 e5 14. Rd2 a6 15.
Re1 Re8 16. Qe4 Nc5 $2 (16... Rb8 17. Bd3 g6 18. h5 Nc5 19. Qe3 Nxd3+ 20. Rxd3
Bf5 21. Rc3 $14) 17. Qe3 Na4 18. Nxe5 Be6 19. Rd6 Rad8 20. Rxd8 Rxd8 21. Bxe6
Qxe6 22. Qb3 $1 $18 Rd5 23. Qxb7 Nc5 24. Qa8+ Kh7 25. Nf3 Qd7 26. b3 Qd6 27.
Qe8 Qf6 28. Kb1 a5 29. Qe3 a4 30. b4 a3 31. Ne5 Qxh4 32. c4 Na4 33. cxd5 Qxb4+
34. Kc2 Qb2+ 35. Kd3 Qb5+ 36. Ke4 f6 37. Kf3 fxe5 38. Qe4+ Kh8 39. Qxe5 1-0

[Event "EU-Cup 10th final"]
[Site "Lyon"]
[Date "1994.11.18"]
[Round "1"]
[White "Yudasin, Leonid"]
[Black "Dreev, Alexey"]
[Result "1-0"]
[WhiteElo "2625"]
[BlackElo "2650"]
[Annotator "Ernst"]
[PlyCount "74"]
[EventDate "1994.11.18"]
[EventType "team-k.o."]
[EventRounds "3"]
[EventCountry "FRA"]
[SourceTitle "EXT 2020"]
[Source "ChessBase"]
[SourceDate "2019.10.17"]
[SourceVersion "1"]
[SourceVersionDate "2019.10.17"]
[SourceQuality "1"]
[WhiteTeam "Beer-Sheva Chess Club"]
[BlackTeam "Novosibirsk Vektor"]
[WhiteTeamCountry "ISR"]
[BlackTeamCountry "RUS"]

1. e4 e6 2. d4 d5 3. Nc3 Nf6 4. Bg5 dxe4 5. Nxe4 Be7 6. Bxf6 Bxf6 7. Nf3 O-O 8.
Qd2 (8. Qd3 Nd7 (8... Nc6 $6 9. O-O-O Be7 {/\ Nb4, Qd5} 10. a3 $1 Qd5 11. Nc3
Qa5 12. Qe3 Rd8 13. Bd3 g6 14. Be4 {/\ Bc6, Ne5} Bd7 15. h4 h5 16. Nd2 Qb6 17.
Nb3 Na5 18. Nxa5 Qxa5 19. f3 $6 c5 $1 20. d5 Bf6 {=} 21. dxe6 Bxe6 22. Nd5 Bd4
23. Qg5 Bxd5 24. Bxd5 Kg7 25. Rhe1 $2 Bf6 26. Qf4 $4 Rxd5 {0-1/Speelman,
J-Nogueiras,J/WchT-Luzern /1989/}) 9. O-O-O b6 10. h4 Bb7 11. Neg5 (11. Nfg5 $6
Bxg5+ 12. Nxg5 Nf6 13. Be2 Qd6 14. Bf3 Bxf3 15. Qxf3 Qd5 {= Van der Wiel,
J-Vaganian,R/WchT-Luzern /1989/}) 11... g6 (11... Bxg5+ 12. hxg5 $1) 12. Qe3 h6
13. Ne4 Bg7 14. Bd3 c5 15. c3 Qe7 16. h5 g5 17. dxc5 Nxc5 18. Nxc5 Qxc5 19.
Qxc5 bxc5 {Polgar,J-Bareev,E/Madrid (07) ;CBM 41 1994/1-0 (41)} (19... bxc5 20.
Rhe1 {=} g4 21. Ne5 Bxg2 22. Nxg4 Bd5 23. a3 Rfd8 24. Ne5 Kf8 25. Kc2 Rac8 26.
Ba6 Rb8 27. c4 Bg2 28. f4 Ke7 (28... Rxd1 29. Rxd1 Be4+ 30. Kc3 Bxe5+ 31. fxe5
Ke7 32. Bb5 Rd8 {=}))) 8... b6 (8... Nd7 9. O-O-O b6 10. Bd3 Bb7 11. Qf4 Be7
12. h4 Nf6 13. Neg5 Bxf3 14. Nxf3 Qd6 15. Ne5 c5 16. dxc5 Qxc5 17. Rhe1 Rac8 {N
} 18. Kb1 Rfd8 19. g4 Bd6 20. g5 Bxe5 21. Qxe5 Qxe5 {1/2-1/2 Nunn,J-Gurevich,M/
Belgrade/1991/}) 9. Nxf6+ Qxf6 10. Bd3 Nd7 (10... h6 11. Be4 {+/-}) (10... Bb7
11. Ng5 h6 (11... g6 12. O-O-O Nc6 13. h4 $1 Nxd4 14. h5 Bxg2 15. Nxh7 $1 Kxh7
16. hxg6+ Kg8 17. Rh6 $1 Nf3 18. gxf7+ Rxf7 19. Rxf6 Nxd2 20. Rg6+ Rg7 21.
Rxg7+ Kxg7 22. Rg1 Nf3 23. Rxg2+ Kh8 24. Rg6 {+/- Sax,G-Gurevich,M/Manila izt/
1990/}) 12. Nh7 Qxd4 13. Nxf8 Kxf8 14. c3 Qh4 (14... Qe5+ 15. Be2 Nc6 16. O-O
Rd8 17. Qe1 Qg5 18. f4 Qc5+ 19. Qf2 Rd2 20. Qxc5+ bxc5 21. Bf3 Rxb2 22. Rab1 {
Almasi,Z-Dreev,A/Tilburg (04) ;CBM 44 1994/1/2-1/2 (48)}) 15. g3 $1 (15. O-O-O
Bxg2 16. Rhg1 Bf3 17. Be4 Bxe4 18. Rg4 Qe7 19. Rxe4 Nc6 20. Rg1 Qd6 {= Polgar,
J-Bareev,E/Linares/1994/}) 15... Qf6 16. Rf1 Nd7 (16... Bf3 17. Be2 Nc6 18.
Bxf3 Qxf3 19. Qe3 Qh5 20. Rd1 {+/-}) 17. f4 $1 {+/-} (17. Be2 Nc5 18. O-O-O Bg2
{= Bareev}) 17... Nc5 18. O-O-O Bd5 (18... Rd8 19. Qe3 $8 Rxd3 20. Rxd3 Ba6 21.
Rdd1 {+/- Prasad}) (18... a5 19. Bc2 Bc6 20. Qe3 a4 {+= Prasad} 21. Rd4 {
+/- Chandler,M-Prasad,D/Novi Sad ol/1990/}) 19. c4 Nxd3+ 20. Qxd3 Bc6 21. Qd4
$6 Ke7 $6 (21... Qxd4 $1 {Kindermann}) 22. Qe3 Qf5 23. g4 $1 Qxg4 24. Qe5 Rc8
25. Rg1 Qh4 26. Rxg7 Qxh2 27. Re1 Bd7 28. c5 $1 {[%emt 0:00:42] Kindermann,
S-Bareev,E/ Pardubice (05)/1994/1-0/ ;CBM}) 11. Ng5 g6 12. O-O-O Bb7 (12...
Qxd4 $2 13. Nxh7 $1 Kxh7 $4 14. Bxg6+ {+-}) 13. h4 h6 14. Ne4 Qxd4 15. Qxh6 Qg7
(15... Bxe4 16. Bxe4 Qxe4 17. Rxd7 {+/- /\h5}) 16. Qe3 Bxe4 17. Bxe4 Rad8 18.
h5 $1 Nc5 19. hxg6 Rxd1+ 20. Rxd1 fxg6 21. Bf3 a5 22. c3 Qf6 23. Rd4 Rd8 (23...
e5 $142 {!} 24. Bd5+ (24. Rd5 a4 25. Kb1 (25. Rxe5 $2 Qxe5 26. Qxe5 Nd3+ {-+})
25... Re8) (24. Rg4 Rd8 25. Be4 Nxe4 26. Qxe4 Kg7 {=}) 24... Kg7 25. Rd2 a4
$132) 24. Bg4 Rd6 $6 (24... e5 $142 25. Rxd8+ Qxd8 26. b4 axb4 27. cxb4 Nd3+
28. Kb1 Qd4 {=}) 25. Kc2 $1 e5 26. Rxd6 Qxd6 27. b4 axb4 28. cxb4 Nd7 $2 (28...
Nb7 $142 {+=}) 29. Qd3 $1 Qc6+ (29... Qxd3+ 30. Kxd3 Nf6 31. Bf3 {+- The
a-Pawn is winning: a2-a4->a8}) 30. Kb3 Nf6 (30... Nf8 31. Qc4+ {+-}) 31. Qxg6+
Kf8 32. Be2 Qd5+ 33. Bc4 Qd1+ 34. Qc2 Qd4 35. f3 e4 36. Qc3 Qd6 (36... Qd1+ 37.
Ka3 Ke7 38. Qe5+ $1 Kd7 39. Qe6+ Kd8 40. Qxf6+ {+-}) 37. fxe4 Nd7 $138 (37...
Nxe4 38. Qh8+ Ke7 39. Qh7+ Kf6 40. Qxe4 {+-}) 1-0

[Event "Corus-B"]
[Site "Wijk aan Zee"]
[Date "2004.01.11"]
[Round "2"]
[White "Fressinet, Laurent"]
[Black "Hamdouchi, Hicham"]
[Result "1-0"]
[WhiteElo "2636"]
[BlackElo "2588"]
[Annotator "Finkel,A"]
[PlyCount "183"]
[EventDate "2004.01.10"]
[EventType "tourn"]
[EventRounds "13"]
[EventCountry "NED"]
[EventCategory "13"]
[SourceTitle "CBM 099"]
[Source "ChessBase"]
[SourceDate "2004.03.30"]
[SourceVersion "1"]
[SourceVersionDate "2004.03.30"]
[SourceQuality "1"]

1. e4 e6 2. d4 d5 3. Nc3 Nf6 4. Bg5 dxe4 5. Nxe4 Be7 6. Bxf6 Bxf6 7. Nf3 Nd7 8.
Qd2 (8. Bc4 a6 9. Qe2 b5) (8. Bd3 c5 (8... b6 9. Qe2 Bb7 10. O-O-O Qe7 11. Ba6
O-O-O $14) 9. dxc5 Nxc5 10. Bb5+ Bd7 11. Bxd7+ Nxd7 12. Nd6+ Ke7 $13) 8... b6 {
This move is considered to be a dubious one, but I'm not sure that white gets
an advantage after 9.Bb5, which is considered to be a "refutation".} (8... O-O
9. O-O-O b6 10. Bc4 Bb7 11. Rhe1 Bd5 $14) 9. Bb5 $5 Bb7 (9... O-O $5 10. Bc6 (
10. O-O-O $6 Bb7 11. Bxd7 Bxe4) 10... Rb8 11. O-O-O Bb7 12. Bxb7 $2 (12. Qc3 $1
) 12... Rxb7 13. d5 Nc5 $1 $132 {Balcerak,J-Atalik,S/Cappelle la Grande 2003})
10. Nxf6+ gxf6 (10... Qxf6 $2 11. Ne5 c6 12. Bxc6 Bxc6 13. Nxc6 O-O 14. Qe3 (
14. O-O $2 Rfc8 15. Nb4 a5) (14. c3 e5 15. d5 (15. Nxe5 Nxe5 16. dxe5 Qxe5+ 17.
Qe2 Rfe8 $1 $44)) 14... Rac8 15. Qe4 Rc7 16. c3 Rfc8 17. Nb4 $16) 11. Qc3 {
[%cal Gb5c6]} (11. O-O-O Qe7 12. d5 O-O-O 13. Qe2 Ne5 14. Nxe5 fxe5 15. Qxe5
Qc5 16. Be2 Bxd5 $11 {Tal,M-Pachman,L/Portoroz 1958}) 11... O-O $6 {After this
one black faces certain problems, so I would recommend 11...Qe7!? a-la
Stahlberg, as an alternative.} (11... Rc8 12. Bc6 Bxc6 13. Qxc6 Qe7 14. O-O-O
Qd6 15. Qe4 c6 16. Kb1 b5 17. Qh4 $14 {Unzicker,W-Troeger,P/Bad Nauheim 1948})
(11... Qe7 $5 12. Qxc7 Qb4+ 13. c3 Qxb5 14. Qxb7 Qxb2 15. O-O Rd8 (15... Rb8 $6
16. Qc7 Ke7 17. Rfb1 (17. Nh4 Rhd8) 17... Qa3 18. Rb3 Qa5 $16 {Black has some
weaknesses.}) 16. c4 Qa3 17. Rfe1 O-O 18. d5 $14 {Steiner,L-Stahlberg,G/
Saltsjobaden 1948}) (11... a6 12. Bc6 Bxc6 13. Qxc6 Ra7 14. O-O-O Qa8 15. Qc3
Qd5 16. Kb1 a5 17. Qe3 b5 18. Nd2 $14 {Persitz,R-Czerniak,M/Netanya 1961}) 12.
Bc6 Bxc6 13. Qxc6 f5 {An attempt to trade the queens on d6 right away is
doomed to failure:} (13... Qe7 14. O-O-O Qd6 15. Qxd6 cxd6 16. d5 e5 17. Nh4
Rfd8 18. Nf5 Nf8 19. h4 $16 {Liberzon,V-Shashin,B/Yerevan 1965}) 14. O-O-O Nf6
15. Rhe1 (15. Ne5 Ne4 16. Rhf1 Qd6 17. f3 Nf6 18. g4 Qxc6 19. Nxc6 fxg4 20.
fxg4 Kg7 21. g5 Ne4 22. Rde1 $14) 15... Qd6 16. Ne5 Ng4 17. Qf3 {Not bad was
also} (17. Qc3 Nxe5 18. dxe5 Qe7 19. Rd2 Rfd8 20. Red1 Rxd2 21. Qxd2 Kg7 22. h3
$14 {with long-lasting edge.}) 17... Nxe5 18. Rxe5 (18. dxe5 $1 Qe7 19. Re3
Rad8 20. Rxd8 Rxd8 21. Qh5 $16 {[%cal Ge3g3,Gh5h6]}) 18... Kh8 19. g4 f6 20.
Re3 fxg4 21. Qxg4 {Exposed position of the black king on h8 and weak pawns in
the center promise white an advantage.} Rae8 22. Rde1 Rg8 23. Qh4 Rg6 24. Rg3
Reg8 (24... Kg7) 25. Reg1 Kg7 {A more subtle defense was} (25... Rxg3 26. hxg3
e5 27. Rh1 Rg7 28. dxe5 Qxe5 29. Kb1 $14) 26. Kb1 Qd5 27. Qf4 Rc8 28. Re1 Kf7 {
It's not so easy for black to defend.} (28... c5 $2 29. dxc5 Rxc5 30. Rd3 Qc6
31. Qb8 $16) (28... Rxg3 29. Qxg3+ Kh8 30. Rg1 Qd7 31. f4 $36) 29. Rge3 c6 30.
Qh4 Kg8 31. Rg3 $1 Qf5 (31... Rxg3 32. Qxg3+ Kh8 33. Rg1 Qd7 34. Qf4) 32. a3
Rd8 33. Ree3 $1 {After this move the material losses are inevitable for black.}
c5 (33... Rxg3 34. Qxg3+ Kh8 35. Qc7 Rxd4 36. Qf7 Rg4 37. Rxe6 $16) 34. Rxg6+
hxg6 35. Rh3 Qh5 36. Qxf6 $1 (36. Qxh5 gxh5 37. dxc5 bxc5 38. Rxh5 e5 39. Kc1
Rd4 $132) 36... Qxh3 37. Qxd8+ Kg7 38. Qc7+ Kh6 39. Qf4+ g5 40. Qf6+ Kh7 41.
Qxg5 Qf1+ 42. Qc1 Qxf2 43. dxc5 bxc5 44. Qd1 Kh6 $6 (44... e5 $2 45. Qh5+ Kg8
46. Qxe5 Qf1+ 47. Ka2 Qc4+ 48. b3 Qxc2+ 49. Qb2 Qe4 50. a4 $18) (44... Kg6 $1)
45. Qg4 $1 {[%csl Gc4,Rh6]} Qe1+ 46. Ka2 e5 47. Kb3 e4 48. h4 Qe3+ (48... e3
49. h5) 49. c3 Qd3 50. Qg5+ Kh7 51. Qf5+ Kg7 $2 ({More persistant was} 51...
Kh6 $1 52. Qxc5 $140 (52. h5 c4+ 53. Kb4 e3) 52... e3 53. Qg5+ Kh7 54. Qh5+ (
54. h5 e2 55. h6 Qd7 56. Qe5 Qd1+ 57. Ka2 Kxh6 $11) 54... Kg7 55. Qf3 Qd2) 52.
h5 c4+ 53. Kb4 e3 54. Qg5+ Kf7 55. Qf4+ Ke6 56. Qg4+ Kf7 57. Qf4+ Ke6 58. Qg4+
Kf7 (58... Kd6 59. h6 e2 60. h7 a5+ 61. Kxa5 Qd5+ $11) 59. h6 e2 60. Qg7+ Ke6
61. Qg8+ Ke7 62. Qg7+ Ke6 63. Qg4+ Kf7 64. Qh5+ Kg8 (64... Qg6 65. Qd5+ (65.
Qxe2 Qb6+ 66. Ka4 Qb3+ 67. Ka5 Qb6+ $11) 65... Qe6 (65... Ke7 66. Qe5+ Kd7 67.
h7 $18) 66. Qxe6+ Kxe6 67. h7 e1=Q 68. h8=Q Qf2 69. Qc8+ $18) 65. Qe5 $1 Qg6 $6
{After this one nothing can save black. The last chance to hold on for a while
would be} (65... Qd7 $1 $16) 66. Kxc4 $18 Kh7 67. b4 Qg2 68. Kd3 e1=Q 69. Qxe1
Qd5+ 70. Kc2 Qa2+ 71. Kc1 Qa1+ 72. Kd2 Qa2+ 73. Ke3 Qe6+ 74. Kf2 Qf5+ 75. Kg1
Qg4+ 76. Kh2 Qh5+ 77. Kg2 Qd5+ 78. Kg1 Qg5+ 79. Kf1 Qf5+ 80. Qf2 Qb1+ 81. Kg2
Qe4+ 82. Qf3 Qg6+ 83. Kf2 Qc2+ 84. Kg3 Qg6+ 85. Qg4 Qd3+ 86. Qf3 Qg6+ 87. Kh4
Kxh6 88. Qe3+ Kh7 89. Qxa7+ Kh6 90. Qe3+ Kh7 91. Qf3 Qc2 92. Kg3 1-0